000 00554nam a2200181 a 4500
005 20220822125622.0
008 991125s1968 mx 000 0 spa u
035 _aUPN01000004555
049 _aCG
050 4 _aPN2065
_bS7.28
100 1 _aStanislavskij, Konstantin Sergeevic,
_d1863-1938
_934247
245 1 3 _aEl arte escénico /
_cpor Konstantin Stanislavski ; introd. David Magarshack ; tr. Julieta Campos.
260 _aMéxico :
_bSiglo XXI,
_c1968.
300 _a345 p.
440 0 _aArtes
650 7 _aActuación teatral
_2
_9155
905 _aLibro
999 _c4555
_d4555